El Buscón / (Registro nro. 10541)

Detalles MARC
000 -LIDER
fixed length control field 00911nam a22002777a 4500
001 - NÚMERO DE CONTROL
Identificador de número de control 000307
003 - IDENTIFICACDOR DE NÚMERO DE CONTROL
control field DO-SdBNP
005 - DATE AND TIME OF LATEST TRANSACTION
control field 20230330103527.0
007 - CAMPOS FIJOS DE DESCRIPCIÓN FÍSICA
fixed length control field 000307
008 - ELEMENTOS DE LONGITUD FIJA
fixed length control field 160623b 2006 sp xxu||||| |||| 00| 0 spa d
020 ## - ISBN
International Standard Book Number 8420470260
040 ## - FUENTE DE CATALOGACIÓN
Agencia que crea de manera original el registro BPMSU
Idioma de catalogación spa
Agencia que realiza la transcripción BPMSU
082 #4 - NÚMERO DE CLASIFICACIÓN DECIMAL DE DEWEY
Classification number 863.3
Item number R696b 2006
Edition number 22
100 1# - ASIENTO PRINCIPAL -- NOMBRE PERSONAL
Nombre personal Rodríguez Bravo, Juan Luis
245 13 - MENCIÓN DE TITULO
Título El Buscón /
Mención de responsabilidad Francisco de Quevedo ; prólogo de Benjamín Prado ; estudio y notas de Juan Luis Rodríguez Bravo.
260 ## - PUBLICACIÓN, DISTRIBUCIÓN, ETC. (PIE DE IMPRENTA)
Lugar de publicación, distribución, etc Madrid :
Nombre del editor, distribuidor, etc. Alfaguara,
Fecha de publicación, distribución, etc 2006.
300 ## - DESCRIPCIÓN FÍSICA
Extensión 225 p. ;
Dimensiones 20 cm.
490 0# - MENCIÓN DE SERIES
Mención de serie Roja (Alfaguara)
590 ## - NOTA LOCAL
Enlace Inventariado, 20223/VM
600 14 - ENCABEZAMIENTO DE MATERIA--NOMBRE PERSONAL
Nombre personal Quevedo, Francisco de,
Fechas asociadas con el nombre 1580-1645.
Subdivisión de forma Crítica e interpretación
650 #4 - ENCABEZAMIENTO DE MATERIA--TEMÁTICO
Término temático o nombre geográfico como elemento de entrada Novela española
650 #4 - ENCABEZAMIENTO DE MATERIA--TEMÁTICO
Término temático o nombre geográfico como elemento de entrada Literatura española
700 1# - ASIENTO SECUNDARIO -- NOMBRE PERSONAL
Nombre personal Prado, Benjamín,
Mención de responsabilidad pról.
910 ## - VALIDACIÓN
Validación LOPEREZ/ VMateo V. Control de calidad (BPMSU)
942 ## - ADDED ENTRY ELEMENTS (KOHA)
Source of classification or shelving scheme Dewey Decimal Classification
Koha item type Libros
Existencias
Withdrawn status Lost status Source of classification or shelving scheme Damaged status Not for loan Collection code Home library Current library Date acquired Source of acquisition Full call number Barcode Date last seen Price effective from Koha item type Copy number
    Dewey Decimal Classification     Colección General Biblioteca Pública Metropolitana Salomé Ureña Biblioteca Pública Metropolitana Salomé Ureña 06/23/2016 Alfaguara BPMSU CG 863.3 R696b 2006 BPMSU16060438 06/23/2016 06/23/2016 Libros  
    Dewey Decimal Classification     Colección General Biblioteca Pública Metropolitana Salomé Ureña Biblioteca Pública Metropolitana Salomé Ureña 06/23/2016 Alfaguara BPMSU CG 863.3 R696b 2006 BPMSU16060439 06/23/2016 06/23/2016 Libros e.2
    Dewey Decimal Classification       Biblioteca Pública Metropolitana Salomé Ureña Biblioteca Pública Metropolitana Salomé Ureña 06/23/2016 Alfaguara BPMSU CG 863.3 R696b 2006 BPMSU16060440 06/23/2016 06/23/2016 Libros e.3